Harry Potter facts (HARD) Quiz Stats

Quiz not verified by Sporcle

Also try: 'T' Books by Cover
Challenge
Share
Tweet
Embed
Score 0/19 Timer 20:00
0 Plays Today
Hint % Correct
When is Harry Potter´s birthday?July 31
97.4%
Who did Draco Malfoy bring to the Yule ball?Pansy Parkinson
87.2%
What is Dumbledore`s fourth name?Brian
83.8%
What name did Buckbeak recieve after he was renamed?Witherwings
81.2%
Which country does Hermione send her parents to, after using the spell 'obliviate' on them?Australia
77.8%
How big does Hermione state that Ron´s emotional range is?The size of a tea spoon
76.1%
What is the number of the Gringotts vault containing the Philosopher´s stone?713
72.6%
What does the phrase 'Draco Dormiens Nunquam Titillandus' mean?Never tickle a sleeping dragon
71.8%
What is the name of Aragogs wife?Mosag
70.1%
What colour is a unicorn foal?Gold
68.4%
Hint % Correct
What is Remus Lupin´s middle name?John
67.5%
To whom did the ring, which Voldemort later used as a horcrux, originally belong?Marvolo Gaunt
66.7%
In what year was Tom Riddle born?1927
52.1%
How much money did Arthur Weasley win in the prisoner of Azkaban?700 galleons
50.4%
What team did Oliver Wood play professional quidditch for after graduating from Hogwarts?Puddlemere United
49.6%
What is the first name of Sirius Black´s father?Orion
49.6%
Which species is the dragon, which Harry, Ron and Hermione used in their escape from Gringotts?Ukrainian Ironbelly
30.8%
What is the coat of arms of the wizarding school Beauxbatons?Crossed golden wands
16.2%
What is the first name of the member of the Black family who wanted to legalise muggle hunting?Araminta Meliflua Black
6.8%

You're not logged in!

Compare scores with friends on all Sporcle quizzes.
Join for Free
OR
Log In

You Might Also Like...

Show Comments

Extras

Top Quizzes Today


Score Distribution

Your Account Isn't Verified!

In order to create a playlist on Sporcle, you need to verify the email address you used during registration. Go to your Sporcle Settings to finish the process.

Report this User

Report this user for behavior that violates our Community Guidelines.

Details: